| 000 | 01203nam a22002417a 4500 | ||
|---|---|---|---|
| 999 |
_c62137 _d62137 |
||
| 003 | Ge_BSU | ||
| 005 | 20240719162325.0 | ||
| 008 | 240719s2019 ge ||||| |||| 00| 0 geo d | ||
| 020 | _a9789941285295 | ||
| 041 | _ageo | ||
| 080 | _a531.3(075.8)კ-47 | ||
| 100 |
_aკვიციანი, ტარიელ _eავტორი. _922889 |
||
| 245 |
_aთეორიული მექანიკის კურსი : _bდინამიკა : [სახელმძღვანელო] / _c ტარიელ კვიციანი ; რედ. ბ. ცხადაძე. |
||
| 264 |
_aთბილისი : _b ტექნიკური უნივერსიტეტი, _c2019. |
||
| 300 |
_a476 გვ. : _bნახ. ; _c20 სმ. |
||
| 504 | _aბიბლიოგრაფია: გვ. 464-466 | ||
| 653 | _aთეორიული მექანიკა | ||
| 653 | _aდინამიკა | ||
| 653 | _aფიზიკა | ||
| 700 |
_aცხადაძე, ბ _eრედაქტორი. _96516 |
||
| 710 |
_aსაქართველოს ტექნიკური უნივერსიტეტი. _922890 |
||
| 942 |
_2udc _cᲬᲘᲒᲜᲘ |
||